[Event "ROM-chT"]
[Site "Mamaia"]
[Date "2024.10.04"]
[Round "7.2"]
[White "Kourkoulos Arditis, Stamatis"]
[Black "Ogleznev, Alexandr"]
[Result "1-0"]
[WhiteElo "2570"]
[BlackElo "2301"]
[PlyCount "87"]
[EventDate "2024.09.28"]
[EventType "team-tourn"]
[EventRounds "9"]
[EventCountry "ROU"]
[SourceTitle "EXT 2025"]
[Source "ChessBase"]
[SourceDate "2024.10.14"]
[SourceVersion "1"]
[SourceVersionDate "2024.10.14"]
[SourceQuality "1"]
[WhiteTeam "Timisoara Vest Univ"]
[BlackTeam "Buzau Phoenix"]
[WhiteTeamCountry "ROU"]
[BlackTeamCountry "ROU"]

1. e4 c5 2. Nf3 e6 3. d4 cxd4 4. Nxd4 Nc6 5. Nc3 Qc7 6. Ncb5 Qb8 7. Bd3 a6 8. Nxc6 dxc6 9. Nc3 e5 10. 0-0 Nf6 11. h3 Be6 12. a4 a5 13. Qe2 Bd6 14. Bc4 Qc8 15. Bg5 Bxc4 16. Qxc4 Qe6 17. Qxe6+ fxe6 18. Be3 0-0-0 19. f3 Nd7 20. Kf2 Bc5 21. Nd1 Bd4 22. Ke2 h5 23. Bg5 Rde8 24. h4 Rhf8 25. c3 Bc5 26. b3 Be7 27. Bxe7 Rxe7 28. b4 Kc7 29. Ne3 Ra8 30. Nc4 axb4 31. cxb4 b5 32. axb5 Rxa1 33. Rxa1 cxb5 34. Ra7+ Kb8 35. Nxe5 Kxa7 36. Nc6+ Kb6 37. Nxe7 Nf8 38. f4 Kc7 39. f5 Kd7 40. Ng6 Nxg6 41. fxg6 Kd6 42. Kf3 Ke5 43. Ke3 Kf6 44. Kd4 1-0

[Event "ROM-chT"]
[Site "Eforie Nord"]
[Date "2023.09.29"]
[Round "9.2"]
[White "Grigore, George Gabriel"]
[Black "Ogleznev, Alexandr"]
[Result "1/2-1/2"]
[WhiteElo "2430"]
[BlackElo "2284"]
[PlyCount "49"]
[EventDate "2023.09.21"]
[EventType "team-tourn"]
[EventRounds "9"]
[EventCountry "ROU"]
[SourceTitle "CBM 216 Extra"]
[Source "ChessBase"]
[SourceDate "2023.11.30"]
[SourceVersion "1"]
[SourceVersionDate "2023.11.30"]
[SourceQuality "1"]
[WhiteTeam "Baia Mare Municipiului"]
[BlackTeam "Buzau Phoenix"]
[WhiteTeamCountry "ROU"]
[BlackTeamCountry "ROU"]

1. d4 d5 2. c4 c6 3. Nc3 Nf6 4. cxd5 cxd5 5. Bf4 Nc6 6. e3 Bf5 7. Nf3 e6 8. Qb3 Bb4 9. Ne5 Bxc3+ 10. bxc3 Nxe5 11. Bxe5 0-0 12. Be2 Rc8 13. 0-0 Ne4 14. Qxb7 f6 15. Bg3 Qb6 16. Qxb6 axb6 17. Rfc1 Rxc3 18. Rxc3 Nxc3 19. Bf1 Ra8 20. Bc7 Rxa2 21. Rxa2 Nxa2 22. Bxb6 Nc3 23. Ba5 Na4 24. Bb5 Nb2 25. Bc3 1/2-1/2

[Event "ROM-chT"]
[Site "Eforie Nord"]
[Date "2023.09.28"]
[Round "8.2"]
[White "Ogleznev, Alexandr"]
[Black "Bernadskiy, Vitaliy"]
[Result "0-1"]
[WhiteElo "2284"]
[BlackElo "2524"]
[PlyCount "94"]
[EventDate "2023.09.21"]
[EventType "team-tourn"]
[EventRounds "9"]
[EventCountry "ROU"]
[SourceTitle "CBM 216 Extra"]
[Source "ChessBase"]
[SourceDate "2023.11.30"]
[SourceVersion "1"]
[SourceVersionDate "2023.11.30"]
[SourceQuality "1"]
[WhiteTeam "Buzau Phoenix"]
[BlackTeam "Timisoara Medicina"]
[WhiteTeamCountry "ROU"]
[BlackTeamCountry "ROU"]

1. e4 e5 2. Nf3 Nc6 3. Bb5 a6 4. Ba4 Nf6 5. 0-0 b5 6. Bb3 Bc5 7. a4 Rb8 8. c3 d6 9. d4 Bb6 10. a5 Ba7 11. h3 0-0 12. Be3 Ra8 13. Re1 h6 14. Nbd2 Bb7 15. Bc2 Re8 16. Bb1 exd4 17. cxd4 Nb4 18. Qb3 c5 19. d5 Nd7 20. g4 h5 21. gxh5 Ne5 22. Nxe5 Rxe5 23. Qd1 Bc8 24. f4 Re8 25. Ra3 Qh4 26. Nf1 Bxh3 27. Bf2 c4 28. Bxa7 Rxa7 29. Qd2 Bxf1 30. Rxf1 Nd3 31. Bxd3 cxd3 32. Qxd3 Rae7 33. e5 dxe5 34. d6 Rd7 35. Qf5 Rxd6 36. fxe5 Qd4+ 37. Rf2 Rd7 38. Re3 Qxe3 39. Qxd7 Rxe5 40. Qxf7+ Kh7 41. Kh2 Rg5 42. Qf3 Qe5+ 43. Qf4 Rxh5+ 44. Kg3 Qe6 45. Qg4 Qd6+ 46. Rf4 Kh6 47. Qc8 Rg5+ 0-1

[Event "ROM-chT"]
[Site "Eforie Nord"]
[Date "2023.09.27"]
[Round "7.2"]
[White "Ciobotaru, Alexandru Vlad"]
[Black "Ogleznev, Alexandr"]
[Result "0-1"]
[WhiteElo "1778"]
[BlackElo "2284"]
[PlyCount "86"]
[EventDate "2023.09.21"]
[EventType "team-tourn"]
[EventRounds "9"]
[EventCountry "ROU"]
[SourceTitle "CBM 216 Extra"]
[Source "ChessBase"]
[SourceDate "2023.11.30"]
[SourceVersion "1"]
[SourceVersionDate "2023.11.30"]
[SourceQuality "1"]
[WhiteTeam "Urziceni Viitorul"]
[BlackTeam "Buzau Phoenix"]
[WhiteTeamCountry "ROU"]
[BlackTeamCountry "ROU"]

1. d4 Nf6 2. c4 e6 3. Nf3 Bb4+ 4. Bd2 Qe7 5. g3 Nc6 6. Bg2 Bxd2+ 7. Nbxd2 d6 8. 0-0 a5 9. a3 0-0 10. e4 a4 11. d5 Nb8 12. Ne1 e5 13. Nd3 Nbd7 14. h3 Nc5 15. Nxc5 dxc5 16. Nb1 Ne8 17. Nc3 Bd7 18. Re1 Nd6 19. Qe2 Ra6 20. Bf1 Nc8 21. Rad1 Kh8 22. Qc2 Rh6 23. Nb5 Qg5 24. Qd2 Qxd2 25. Rxd2 Bxb5 26. cxb5 b6 27. f4 Re8 28. Rf2 Nd6 29. f5 Nb7 30. h4 Rd6 31. Be2 Rdd8 32. Bh5 Kg8 33. Bd1 Ra8 34. Rd2 Nd6 35. Kf2 Nxb5 36. Bf3 Kf8 37. Rc1 Ke7 38. Rc4 Ra5 39. Bd1 Nd6 40. Rxa4 Rxa4 41. Bxa4 Nxe4+ 42. Ke1 Nxd2 43. Bxe8 Ne4 0-1

[Event "ROM-chT"]
[Site "Eforie Nord"]
[Date "2023.09.21"]
[Round "1.2"]
[White "Motylev, Alexander"]
[Black "Ogleznev, Alexandr"]
[Result "1-0"]
[WhiteElo "2602"]
[BlackElo "2284"]
[PlyCount "58"]
[EventDate "2023.09.21"]
[EventType "team-tourn"]
[EventRounds "9"]
[EventCountry "ROU"]
[SourceTitle "CBM 216 Extra"]
[Source "ChessBase"]
[SourceDate "2023.11.30"]
[SourceVersion "1"]
[SourceVersionDate "2023.11.30"]
[SourceQuality "1"]
[WhiteTeam "Bucuresti ASE"]
[BlackTeam "Buzau Phoenix"]
[WhiteTeamCountry "ROU"]
[BlackTeamCountry "ROU"]

1. e4 c5 2. Nf3 e6 3. d4 cxd4 4. Nxd4 Nc6 5. Nc3 Qc7 6. Be3 a6 7. f4 b5 8. Nxc6 Qxc6 9. Bd3 Bb7 10. Qe2 Rc8 11. 0-0-0 Nf6 12. Bd4 b4 13. Bxf6 gxf6 14. Nd5 Be7 15. Nxe7 Kxe7 16. Rd2 h5 17. Rhd1 Rc7 18. g3 Qb6 19. Bc4 a5 20. b3 Bc6 21. Kb1 Qc5 22. Rd4 a4 23. Qd2 Ra8 24. Bd5 axb3 25. cxb3 exd5 26. exd5 Rca7 27. Rc1 Qa5 28. dxc6 dxc6 29. Rc2 Qf5 1-0

[Event "Iasi Sadoveanu Memorial"]
[Site "Iasi"]
[Date "2023.08.06"]
[Round "9"]
[White "Ogleznev, Alexandr"]
[Black "Chiriac, Daniel"]
[Result "0-1"]
[WhiteElo "2326"]
[BlackElo "1949"]
[PlyCount "96"]
[EventDate "2023.08.01"]
[EventType "swiss"]
[EventRounds "9"]
[EventCountry "ROU"]
[SourceTitle "CBM 215 Extra"]
[Source "ChessBase"]
[SourceDate "2023.09.30"]
[SourceVersion "1"]
[SourceVersionDate "2023.09.30"]
[SourceQuality "1"]

1. e4 c5 2. Nf3 Nc6 3. Bb5 e6 4. 0-0 Nge7 5. d4 cxd4 6. Nxd4 Qb6 7. Nxc6 bxc6 8. Bd3 Ng6 9. Nc3 e5 10. Na4 Qa5 11. c4 Nf4 12. Bxf4 exf4 13. e5 Be7 14. Re1 0-0 15. Qc2 g6 16. c5 Rb8 17. a3 Qc7 18. Rad1 Bg5 19. Bc4 Bh6 20. Re4 Qd8 21. Qe2 Qg5 22. b3 Bg7 23. Re1 Re8 24. b4 h5 25. g3 h4 26. Rxf4 Rxe5 27. Bxf7+ Kh7 28. Qd2 Rxe1+ 29. Qxe1 hxg3 30. hxg3 Be5 31. Re4 Bf6 32. Re8 Kg7 33. Bc4 Ra8 34. Qd1 d5 35. cxd6 Bg4 36. Be2 Rxe8 37. Bxg4 Qd5 38. Qxd5 cxd5 39. Kf1 Kf7 40. Nc5 Bb2 41. d7 Rh8 42. Ne6 Bf6 43. a4 Bd8 44. a5 Ke7 45. Nd4 a6 46. Nc6+ Kd6 47. Nd4 Rh1+ 48. Ke2 Rc1 0-1

[Event "Iasi Sadoveanu Memorial"]
[Site "Iasi"]
[Date "2023.08.01"]
[Round "1"]
[White "Ogleznev, Alexandr"]
[Black "Cristea, Valentin Ioan"]
[Result "1-0"]
[WhiteElo "2326"]
[BlackElo "1240"]
[PlyCount "79"]
[EventDate "2023.08.01"]
[EventType "swiss"]
[EventRounds "9"]
[EventCountry "ROU"]
[SourceTitle "CBM 215 Extra"]
[Source "ChessBase"]
[SourceDate "2023.09.30"]
[SourceVersion "1"]
[SourceVersionDate "2023.09.30"]
[SourceQuality "1"]

1. c4 c5 2. Nf3 Nc6 3. Nc3 Nf6 4. g3 d6 5. Bg2 Bg4 6. h3 Bxf3 7. Bxf3 g6 8. 0-0 Bg7 9. Bg2 0-0 10. d3 h5 11. Bd2 Kh7 12. a3 Rb8 13. Rb1 Rh8 14. b4 Ne5 15. f4 Ned7 16. e3 Ng8 17. Ne4 Nh6 18. Qf3 Nf5 19. Rfc1 b6 20. Qf2 Nf6 21. Ng5+ Kg8 22. Nf3 h4 23. g4 Ng3 24. Nxh4 Rxh4 25. Qxg3 Rh8 26. Rc2 e6 27. Qf3 Qe7 28. Be1 Rd8 29. Bf2 d5 30. g5 Ne8 31. cxd5 exd5 32. bxc5 bxc5 33. a4 Nc7 34. Rb7 Qd6 35. a5 Ra8 36. Rc1 Kh7 37. Rcb1 Rhd8 38. f5 Rf8 39. f6 Bh8 40. Bg3 1-0

[Event "MDA-ch"]
[Site "Kishinev"]
[Date "2023.02.06"]
[Round "3"]
[White "Vavric, Pavel"]
[Black "Ogleznev, Alexandr"]
[Result "1/2-1/2"]
[WhiteElo "2336"]
[BlackElo "2357"]
[PlyCount "60"]
[EventDate "2023.02.04"]
[EventType "tourn"]
[EventRounds "9"]
[EventCountry "MDA"]
[EventCategory "5"]
[SourceTitle "CBM 212 Extra"]
[Source "ChessBase"]
[SourceDate "2023.03.31"]
[SourceVersion "1"]
[SourceVersionDate "2023.03.31"]
[SourceQuality "1"]

1. c4 e6 2. Nf3 Nf6 3. e3 d5 4. b3 Be7 5. Bb2 0-0 6. d4 b6 7. Bd3 Bb7 8. Nbd2 c5 9. 0-0 cxd4 10. Nxd4 Nc6 11. Qe2 Nxd4 12. Bxd4 Rc8 13. Rfd1 Bc5 14. Bxf6 Qxf6 15. cxd5 Bxd5 16. Be4 Rfd8 17. Rac1 Qe5 18. Bxd5 Qxd5 19. Nc4 Qe4 20. a4 g6 21. h3 h5 22. Qf3 Qxf3 23. gxf3 Kf8 24. Kf1 Ke7 25. Ne5 Rxd1+ 26. Rxd1 Bd6 27. Nc4 Bb4 28. Ke2 Rc7 29. f4 Bc5 30. Kf3 Bb4 1/2-1/2

[Event "Galati Pro Logos IM-B"]
[Site "Galati"]
[Date "2022.08.18"]
[Round "8"]
[White "Ghimpu, Samuel Timotei"]
[Black "Ogleznev, Alexandr"]
[Result "1/2-1/2"]
[WhiteElo "2428"]
[BlackElo "2316"]
[PlyCount "20"]
[EventDate "2022.08.13"]
[EventType "tourn"]
[EventRounds "9"]
[EventCountry "ROU"]
[EventCategory "2"]
[SourceTitle "CBM 210 Extra"]
[Source "ChessBase"]
[SourceDate "2022.11.30"]
[SourceVersion "1"]
[SourceVersionDate "2022.11.30"]
[SourceQuality "1"]

1. Nf3 d5 2. e3 Nf6 3. c4 c6 4. Nc3 e6 5. Qc2 Bd6 6. d4 Nbd7 7. Be2 0-0 8. 0-0 dxc4 9. Bxc4 b5 10. Bd3 Bb7 1/2-1/2

[Event "Galati Pro Logos IM-B"]
[Site "Galati"]
[Date "2022.08.15"]
[Round "3"]
[White "Ciorgovean, Iustin"]
[Black "Ogleznev, Alexandr"]
[Result "0-1"]
[WhiteElo "2276"]
[BlackElo "2316"]
[PlyCount "94"]
[EventDate "2022.08.13"]
[EventType "tourn"]
[EventRounds "9"]
[EventCountry "ROU"]
[EventCategory "2"]
[SourceTitle "CBM 210 Extra"]
[Source "ChessBase"]
[SourceDate "2022.11.30"]
[SourceVersion "1"]
[SourceVersionDate "2022.11.30"]
[SourceQuality "1"]

1. d4 Nf6 2. c4 e6 3. g3 Bb4+ 4. Nd2 0-0 5. Bg2 d5 6. Ngf3 b6 7. 0-0 Bb7 8. a3 Be7 9. cxd5 exd5 10. b4 a5 11. b5 c5 12. Ne5 Ra7 13. a4 Re8 14. Bb2 Bd6 15. e3 Ba8 16. Rc1 Qe7 17. Re1 Qe6 18. f4 Bf8 19. g4 Nbd7 20. g5 Ne4 21. Nxe4 dxe4 22. Qc2 f6 23. gxf6 gxf6 24. Bxe4 Bxe4 25. Qxe4 fxe5 26. dxe5 Nf6 27. Qf3 Rg7+ 28. Kh1 Ng4 29. Rg1 Qf5 30. h3 Qe4 31. Qxe4 Nf2+ 32. Kh2 Nxe4 33. e6 Rxe6 34. Bxg7 Bxg7 35. Rcd1 Rd6 36. Kg2 Nd2 37. Kf2 c4 38. Ke2 c3 39. Rg5 Kf7 40. Rdg1 Bf6 41. Rh5 Nb3 42. Rxh7+ Ke6 43. e4 c2 44. Rg8 Rd2+ 45. Kf3 Nd4+ 46. Ke3 Re2+ 47. Kd3 c1N+ 0-1

[Event "Galati Pro Logos IM-B"]
[Site "Galati"]
[Date "2022.08.13"]
[Round "1"]
[White "Pisu, Robert Daniel"]
[Black "Ogleznev, Alexandr"]
[Result "1/2-1/2"]
[WhiteElo "2212"]
[BlackElo "2316"]
[PlyCount "42"]
[EventDate "2022.08.13"]
[EventType "tourn"]
[EventRounds "9"]
[EventCountry "ROU"]
[EventCategory "2"]
[SourceTitle "CBM 210 Extra"]
[Source "ChessBase"]
[SourceDate "2022.11.30"]
[SourceVersion "1"]
[SourceVersionDate "2022.11.30"]
[SourceQuality "1"]

1. e4 c5 2. Nf3 e6 3. b3 b6 4. Bb2 Bb7 5. Qe2 Nc6 6. g3 d5 7. exd5 Qxd5 8. Bg2 Nd4 9. Bxd4 cxd4 10. Nh4 Qd7 11. Bxb7 Qxb7 12. Qb5+ Qd7 13. Qxd7+ Kxd7 14. Nf3 Bd6 15. Nxd4 Be5 16. c3 Bxd4 17. cxd4 Ne7 18. Nc3 Rhd8 19. d5 Nxd5 20. Nxd5 exd5 21. Ke2 Kd6 1/2-1/2

[Event "Satu Mare Szabo Memorial"]
[Site "Satu Mare"]
[Date "2022.08.07"]
[Round "9"]
[White "Ogleznev, Alexandr"]
[Black "Filip, Andrei"]
[Result "0-1"]
[WhiteElo "2316"]
[BlackElo "2324"]
[PlyCount "80"]
[EventDate "2022.08.01"]
[EventType "tourn"]
[EventRounds "9"]
[EventCountry "ROU"]
[EventCategory "4"]
[SourceTitle "CBM 209 Extra"]
[Source "ChessBase"]
[SourceDate "2022.09.30"]
[SourceVersion "1"]
[SourceVersionDate "2022.09.30"]
[SourceQuality "1"]

1. e4 c5 2. Nf3 e6 3. d4 cxd4 4. Nxd4 a6 5. Nc3 b5 6. Bd3 Bb7 7. 0-0 Nc6 8. Nxc6 Bxc6 9. Re1 Ne7 10. Bd2 Ng6 11. a4 bxa4 12. Nxa4 Bd6 13. Qh5 Be5 14. Bc3 Bxc3 15. Nxc3 0-0 16. e5 Bxg2 17. Ra4 Bc6 18. Rd4 f5 19. Re3 Qb6 20. Rh3 Qxd4 21. Qxh7+ Kf7 22. Rg3 Qxe5 23. Qxg6+ Ke7 24. Qh7 Rh8 25. Qxg7+ Qxg7 26. Rxg7+ Kf6 27. Rg3 a5 28. b3 Rag8 29. Ne2 e5 30. f4 e4 31. Bc4 d5 32. Nd4 dxc4 33. Nxc6 cxb3 34. cxb3 Rxg3+ 35. hxg3 e3 36. Kf1 Ke6 37. Nxa5 Kd5 38. Nc4 Ke4 39. Kg2 Ra8 40. Ne5 Ra1 0-1

[Event "Satu Mare Szabo Memorial"]
[Site "Satu Mare"]
[Date "2022.08.04"]
[Round "5"]
[White "Ogleznev, Alexandr"]
[Black "Sanz Wawer, Daniel"]
[Result "1-0"]
[WhiteElo "2316"]
[BlackElo "2289"]
[PlyCount "95"]
[EventDate "2022.08.01"]
[EventType "tourn"]
[EventRounds "9"]
[EventCountry "ROU"]
[EventCategory "4"]
[SourceTitle "CBM 209 Extra"]
[Source "ChessBase"]
[SourceDate "2022.09.30"]
[SourceVersion "1"]
[SourceVersionDate "2022.09.30"]
[SourceQuality "1"]

1. e4 c6 2. d4 d5 3. e5 c5 4. dxc5 e6 5. Be3 Nd7 6. Nf3 Ne7 7. c4 Nf5 8. Bg5 Qa5+ 9. Nc3 dxc4 10. Bxc4 Bxc5 11. 0-0 0-0 12. Ne4 Be7 13. Bd2 Qc7 14. Rc1 Nxe5 15. Bxe6 Nxf3+ 16. Qxf3 Qe5 17. Bxc8 Raxc8 18. Bc3 Qe6 19. Rfe1 Qg6 20. Ng3 Nxg3 21. Rxe7 Nf5 22. Rxb7 Nd4 23. Qe3 Qa6 24. Qxd4 Rxc3 25. Rxc3 Qxb7 26. Rg3 g6 27. h4 h5 28. f4 Qc8 29. Kh2 Qd8 30. Qxd8 Rxd8 31. f5 Rd6 32. fxg6 fxg6 33. Ra3 a6 34. Ra5 Kf7 35. a3 Kf6 36. b4 Ke6 37. Kg3 Kf6 38. Kf3 Re6 39. g3 Ke7 40. Kf4 Kf6 41. Rc5 Kf7 42. a4 Kf6 43. b5 axb5 44. axb5 Re1 45. Rc6+ Kg7 46. b6 Rb1 47. Ke5 Kh6 48. Kd6 1-0

[Event "Satu Mare Szabo Memorial"]
[Site "Satu Mare"]
[Date "2022.08.03"]
[Round "4"]
[White "Balla, Tamas Kristof"]
[Black "Ogleznev, Alexandr"]
[Result "1/2-1/2"]
[WhiteElo "2333"]
[BlackElo "2316"]
[PlyCount "61"]
[EventDate "2022.08.01"]
[EventType "tourn"]
[EventRounds "9"]
[EventCountry "ROU"]
[EventCategory "4"]
[SourceTitle "CBM 209 Extra"]
[Source "ChessBase"]
[SourceDate "2022.09.30"]
[SourceVersion "1"]
[SourceVersionDate "2022.09.30"]
[SourceQuality "1"]

1. e4 c5 2. Nf3 e6 3. b3 b6 4. Bb2 Bb7 5. Qe2 Nc6 6. g3 d6 7. d4 cxd4 8. Nxd4 Nxd4 9. Bxd4 Nf6 10. Bg2 Be7 11. 0-0 0-0 12. c4 Qc7 13. Nc3 a6 14. f4 Rfe8 15. Rac1 Nd7 16. Bf2 Rac8 17. h4 Bf6 18. g4 g6 19. g5 Bg7 20. Na4 Bc6 21. Nb2 f5 22. Nd3 Qb7 23. Rfe1 Bxe4 24. Bxe4 fxe4 25. Qxe4 Qxe4 26. Rxe4 Nc5 27. Nxc5 bxc5 28. Rd1 Rc6 29. Kg2 Kf7 30. Kf3 h5 31. gxh6 1/2-1/2

[Event "MDA-ch"]
[Site "Kishinev"]
[Date "2022.02.24"]
[Round "6"]
[White "Sustov, Savva"]
[Black "Ogleznev, Alexandr"]
[Result "0-1"]
[WhiteElo "1870"]
[BlackElo "2360"]
[PlyCount "80"]
[EventDate "2022.02.19"]
[EventType "swiss"]
[EventRounds "9"]
[EventCountry "MDA"]
[SourceTitle "CBM 207 Extra"]
[Source "ChessBase"]
[SourceDate "2022.05.31"]
[SourceVersion "1"]
[SourceVersionDate "2022.05.31"]
[SourceQuality "1"]

1. e4 Nf6 2. e5 Nd5 3. c4 Nb6 4. d4 d6 5. exd6 cxd6 6. Nf3 g6 7. Be2 Bg7 8. 0-0 0-0 9. Be3 Nc6 10. Nc3 Bg4 11. b3 d5 12. c5 Nc8 13. h3 Bxf3 14. Bxf3 e6 15. Qd2 N8e7 16. Rfd1 Nf5 17. Ne2 Nh4 18. Ng3 Nxf3+ 19. gxf3 f5 20. Bg5 Qd7 21. Ne2 f4 22. Bxf4 Rf5 23. Kg2 Qf7 24. b4 Rf8 25. Bg3 Rxf3 26. b5 Na5 27. Ng1 Nc4 28. Qe2 Rf5 29. Rac1 e5 30. Rxc4 dxc4 31. d5 Bh6 32. c6 Bf4 33. Bh4 bxc6 34. bxc6 g5 35. d6 gxh4 36. d7 Bg5 37. Qg4 h5 38. Qe4 Bd8 39. Kh1 Rg5 40. Rd6 Rxg1+ 0-1

[Event "MDA-ch"]
[Site "Kishinev"]
[Date "2022.02.23"]
[Round "5"]
[White "Cebotari, Stanislav"]
[Black "Ogleznev, Alexandr"]
[Result "1/2-1/2"]
[WhiteElo "1963"]
[BlackElo "2360"]
[PlyCount "62"]
[EventDate "2022.02.19"]
[EventType "swiss"]
[EventRounds "9"]
[EventCountry "MDA"]
[SourceTitle "CBM 207 Extra"]
[Source "ChessBase"]
[SourceDate "2022.05.31"]
[SourceVersion "1"]
[SourceVersionDate "2022.05.31"]
[SourceQuality "1"]

1. Nf3 d6 2. g3 e5 3. d3 f5 4. Bg2 Nf6 5. c4 Be7 6. Nc3 0-0 7. 0-0 Qe8 8. e4 fxe4 9. dxe4 Nc6 10. Be3 Kh8 11. Nd5 Bd8 12. Nxf6 Bxf6 13. Ne1 Be6 14. Rc1 Qe7 15. Qd2 a5 16. Nd3 g5 17. b4 axb4 18. Nxb4 Nxb4 19. Qxb4 b6 20. a4 Ra5 21. Ra1 Rfa8 22. Ra3 Qe8 23. Rfa1 Bd7 24. Qd2 g4 25. Qe2 Qg6 26. f3 gxf3 27. Bxf3 Rxa4 28. Rxa4 Rxa4 29. Rxa4 Bxa4 30. Qa2 Qe8 31. Bg4 Bd7 1/2-1/2

[Event "MDA-ch"]
[Site "Kishinev"]
[Date "2022.02.22"]
[Round "4"]
[White "Ogleznev, Alexandr"]
[Black "Ceres, Dragos"]
[Result "0-1"]
[WhiteElo "2360"]
[BlackElo "2385"]
[PlyCount "76"]
[EventDate "2022.02.19"]
[EventType "swiss"]
[EventRounds "9"]
[EventCountry "MDA"]
[SourceTitle "CBM 207 Extra"]
[Source "ChessBase"]
[SourceDate "2022.05.31"]
[SourceVersion "1"]
[SourceVersionDate "2022.05.31"]
[SourceQuality "1"]

1. e4 e5 2. Nf3 Nc6 3. Bb5 a6 4. Ba4 Nf6 5. 0-0 b5 6. Bb3 Bb7 7. Re1 Bc5 8. c3 d6 9. d4 Bb6 10. Be3 0-0 11. Nbd2 exd4 12. cxd4 Nb4 13. Qb1 c5 14. a3 Nc6 15. d5 Ne7 16. h3 h6 17. Nf1 Nd7 18. Ng3 f5 19. exf5 Nf6 20. Bc2 Nexd5 21. Bd2 Qd7 22. Qd1 Rfe8 23. Nh4 c4 24. Rxe8+ Rxe8 25. Be1 Qc6 26. Nh5 Nxh5 27. Qxh5 Nf6 28. Qd1 d5 29. b3 Qc5 30. Ng6 d4 31. bxc4 bxc4 32. Ba4 Re4 33. Rb1 d3 34. Qc1 Qd5 35. Kf1 Rxe1+ 36. Kxe1 Qe4+ 37. Kd2 Qe2+ 38. Kc3 Nd5+ 0-1

[Event "ROM-chT"]
[Site "Mamaia"]
[Date "2021.10.10"]
[Round "11.5"]
[White "Bernadskiy, Vitaliy"]
[Black "Ogleznev, Alexandr"]
[Result "1-0"]
[WhiteElo "2580"]
[BlackElo "2359"]
[PlyCount "119"]
[EventDate "2021.10.02"]
[EventType "team-tourn"]
[EventRounds "11"]
[EventCountry "ROU"]
[SourceTitle "CBM 204 Extra"]
[Source "ChessBase"]
[SourceDate "2021.11.30"]
[SourceVersion "1"]
[SourceVersionDate "2021.11.30"]
[SourceQuality "1"]
[WhiteTeam "Arad Vados"]
[BlackTeam "Buzau Phoenix"]
[WhiteTeamCountry "ROU"]
[BlackTeamCountry "ROU"]

1. e4 c6 2. d4 d5 3. e5 Bf5 4. h4 h5 5. c4 e6 6. Nc3 Nd7 7. cxd5 cxd5 8. Nge2 Ne7 9. Ng3 Bg6 10. Be2 Nc6 11. Be3 a6 12. a3 Be7 13. Nxh5 Bxh5 14. Bxh5 g6 15. Bg4 Rxh4 16. Rxh4 Bxh4 17. Qc2 Nb6 18. g3 Be7 19. b3 Rc8 20. Qd3 Qc7 21. Bd2 Qd7 22. Kf1 Kd8 23. Kg2 Kc7 24. Ne2 Kb8 25. Nc1 Qe8 26. Qe3 Qf8 27. a4 Bb4 28. Ra2 Bxd2 29. Rxd2 Qb4 30. Rd3 Rc7 31. Na2 Qe7 32. Qd2 Qf8 33. Bd1 Nc8 34. Rc3 Qe7 35. b4 Nb6 36. Bb3 Na7 37. Rc5 Nd7 38. Rxc7 Kxc7 39. b5 axb5 40. Qa5+ Kb8 41. axb5 Nc8 42. Nb4 Qg5 43. Nc2 Ndb6 44. Ne3 Qe7 45. Ng4 Nd7 46. Bd1 Ncb6 47. Be2 Nc8 48. Qc3 f5 49. exf6 Nxf6 50. Qe3 Ne4 51. Bd3 Ncd6 52. Qh6 g5 53. b6 Nc8 54. Bxe4 dxe4 55. Qh8 Qd6 56. Ne5 e3 57. Qe8 Qd5+ 58. Kh2 exf2 59. Nd7+ Qxd7 60. Qxd7 1-0

[Event "ROM-chT"]
[Site "Mamaia"]
[Date "2021.10.06"]
[Round "6.2"]
[White "Miroiu, George Catalin"]
[Black "Ogleznev, Alexandr"]
[Result "1/2-1/2"]
[WhiteElo "2309"]
[BlackElo "2359"]
[PlyCount "77"]
[EventDate "2021.10.02"]
[EventType "team-tourn"]
[EventRounds "11"]
[EventCountry "ROU"]
[SourceTitle "CBM 204 Extra"]
[Source "ChessBase"]
[SourceDate "2021.11.30"]
[SourceVersion "1"]
[SourceVersionDate "2021.11.30"]
[SourceQuality "1"]
[WhiteTeam "Targoviste"]
[BlackTeam "Buzau Phoenix"]
[WhiteTeamCountry "ROU"]
[BlackTeamCountry "ROU"]

1. d4 Nf6 2. Nf3 e6 3. c4 d5 4. Nc3 c6 5. e3 Nbd7 6. Qc2 Bd6 7. b3 0-0 8. Bb2 e5 9. dxe5 Nxe5 10. Nxe5 Bxe5 11. 0-0-0 Qa5 12. Kb1 Bf5 13. Qxf5 Bxc3 14. Bd3 Bxb2 15. Kxb2 Rfe8 16. cxd5 cxd5 17. Rc1 Re6 18. Rc2 g6 19. Qf4 Qb6 20. Rhc1 Kg7 21. Rc7 Rae8 22. a3 Rc6 23. g4 Rxc1 24. Kxc1 Re7 25. Rxe7 Qc5+ 26. Kb2 Qxe7 27. Qd4 Kg8 28. f3 b6 29. g5 Ne8 30. Qxd5 Qxe3 31. Qe4 Qd2+ 32. Bc2 Nd6 33. Qe5 Nf5 34. Qe8+ Kg7 35. Qe5+ Kg8 36. Qb8+ Kg7 37. Qe5+ Kg8 38. Qe8+ Kg7 39. Qe5+ 1/2-1/2

[Event "ROM-chT div-A"]
[Site "Mamaia"]
[Date "2019.09.28"]
[Round "8.1"]
[White "Ogleznev, Alexandr"]
[Black "Dobre, Claudiu Cristian"]
[Result "1/2-1/2"]
[WhiteElo "2328"]
[BlackElo "2316"]
[PlyCount "61"]
[EventDate "2019.09.21"]
[EventType "team-tourn"]
[EventRounds "9"]
[EventCountry "ROU"]
[SourceTitle "EXT 2020"]
[Source "ChessBase"]
[SourceDate "2019.10.17"]
[SourceVersion "1"]
[SourceVersionDate "2019.10.17"]
[SourceQuality "1"]
[WhiteTeam "Buzau Phoenix"]
[BlackTeam "Targoviste University"]
[WhiteTeamCountry "ROU"]
[BlackTeamCountry "ROU"]

1. e4 Nc6 2. Nf3 d6 3. d4 Nf6 4. Nc3 e5 5. Bb5 Bd7 6. Bxc6 Bxc6 7. Qd3 exd4 8. Nxd4 Be7 9. Nxc6 bxc6 10. 0-0 Nd7 11. Qa6 Nb6 12. Be3 0-0 13. Rad1 Bf6 14. Bd4 Bxd4 15. Rxd4 Qc8 16. Qe2 Re8 17. Qf3 Qe6 18. b3 c5 19. Rd3 Qe5 20. Re3 a5 21. Rfe1 Kf8 22. Qe2 Red8 23. Qf3 c6 24. Rd1 Re8 25. h3 Re6 26. Qe2 c4 27. Qd2 Rd8 28. Ne2 Qc5 29. Nd4 Ree8 30. Nf5 g6 31. Nd4 1/2-1/2

[Event "ROM-chT div-A"]
[Site "Mamaia"]
[Date "2019.09.27"]
[Round "7.5"]
[White "Ogleznev, Alexandr"]
[Black "Zubcu, Vlad George"]
[Result "1-0"]
[WhiteElo "2328"]
[BlackElo "2274"]
[PlyCount "61"]
[EventDate "2019.09.21"]
[EventType "team-tourn"]
[EventRounds "9"]
[EventCountry "ROU"]
[SourceTitle "EXT 2020"]
[Source "ChessBase"]
[SourceDate "2019.10.17"]
[SourceVersion "1"]
[SourceVersionDate "2019.10.17"]
[SourceQuality "1"]
[WhiteTeam "Buzau Phoenix"]
[BlackTeam "Arad University"]
[WhiteTeamCountry "ROU"]
[BlackTeamCountry "ROU"]

1. e4 e5 2. Nf3 Nc6 3. Bb5 a6 4. Ba4 Nf6 5. 0-0 b5 6. Bb3 Be7 7. Re1 0-0 8. a4 Bb7 9. d3 d6 10. Nbd2 Na5 11. Ba2 c5 12. Nf1 Nc6 13. c3 Qc7 14. Ng3 Rad8 15. Nh4 d5 16. Qf3 dxe4 17. dxe4 c4 18. Nhf5 Bc8 19. Bg5 Ne8 20. Nxe7+ Nxe7 21. axb5 axb5 22. Bb1 f6 23. Be3 Nc6 24. Bc2 Be6 25. h3 Nd6 26. Red1 Nb7 27. Nf5 Rxd1+ 28. Rxd1 Rd8 29. Ra1 Nca5 30. Qg4 Kh8 31. Bb6 1-0